[Event "2 Bundesliga Mitte 2006/2007"]
[Site "Trofaiach"]
[Date "2007.03.04"]
[Round "9"]
[Board "6"]
[White "Radnetter, Georg"]
[Black "Gueting, Jens"]
[Result "1-0"]
[WhiteElo "1995"]
[BlackElo "2232"]
[PlyCount "145"]
[EventDate "2006.10.28"]
[EventType "team"]
[EventRounds "11"]
[EventCountry "AUT"]
[WhiteTeam "Fuerstenfeld"]
[BlackTeam "SC Ansfelden"]

1.e4 Nf6 2.e5 Nd5 3.d4 d6 4.c4 Nb6 5.exd6 exd6 6.Nf3 Be7 7.Bd3 O-O 8.h3 Nc6
9.Nc3 Bf6 10.O-O Re8 11.Bb1 g6 12.b3 a5 13.Ne4 Bg7 14.Re1 h6 15.Nc3 a4 16.Rxe8+
Qxe8 17.Nb5 Qe7 18.Bb2 Nd8 19.Bd3 c6 20.Nc3 a3 21.Bc1 Ne6 22.Be3 f5 23.Qd2 Qf8
24.d5 Nc5 25.Bxc5 dxc5 26.Re1 Bd7 27.Ne2 Bb2 28.Nf4 Qf6 29.Re2 Kh7 30.Ne6 cxd5
31.Nxc5 dxc4 32.Bxc4 Bc6 33.Qf4 Nd5 34.Bxd5 Bxd5 35.Qc7+ Kg8 36.Ne5 Qd8 37.Qxd8+
Rxd8 38.Nxg6 Kf7 39.Nf4 Bc6 40.Ncd3 Bb5 41.Re3 Rc8 42.Ne5+ Kf6 43.Nd5+ Kg7
44.Nd3 Bxd3 45.Rxd3 Rc1+ 46.Kh2 Rc2 47.Kg3 Bf6 48.Nb4 Rb2 49.Rd7+ Kg6 50.Nd3 f4+
51.Kf3 Bc3 52.Nxb2 axb2 53.Rd1 Bd2 54.Rb1 Bc1 55.Ke4 Kg5 56.a4 Kf6 57.b4 Ke6
58.g4 fxg3 59.fxg3 Kd6 60.g4 Kc6 61.h4 Kd6 62.Kf5 Kd5 63.g5 hxg5 64.hxg5 Kc4
65.g6 Kxb4 66.g7 Kxa4 67.g8=Q Ka3 68.Qc4 b5 69.Qc5+ b4 70.Rxc1 bxc1=Q 71.Qxc1+
Ka2 72.Qc2+ Ka1 73.Qa4+

[Event "2 Bundesliga Mitte 2006/2007"]
[Site "Fuerstenfeld"]
[Date "2007.03.31"]
[Round "10"]
[Board "1"]
[White "Horvath, Tamas"]
[Black "Farago, Ivan"]
[Result "1/2-1/2"]
[WhiteElo "2427"]
[BlackElo "2513"]
[PlyCount "36"]
[EventDate "2006.10.28"]
[EventType "team"]
[EventRounds "11"]
[EventCountry "AUT"]
[WhiteTeam "SC Gleisdorf"]
[BlackTeam "SC Ansfelden"]

1.e4 c5 2.Nf3 e6 3.d4 cxd4 4.Nxd4 Nc6 5.Nc3 a6 6.Be2 Qc7 7.Be3 Nf6 8.O-O Bb4
9.Nxc6 bxc6 10.Qd4 Bd6 11.f4 e5 12.Qd2 O-O 13.Rad1 exf4 14.Qxd6 Qxd6 15.Rxd6
fxe3 16.e5 Ne8 17.Rd3 a5 18.Rxe3 Nd6

[Event "2 Bundesliga Mitte 2006/2007"]
[Site "Fuerstenfeld"]
[Date "2007.03.31"]
[Round "10"]
[Board "2"]
[White "Hellmayr, Alois"]
[Black "Meszaros, Tamas"]
[Result "0-1"]
[WhiteElo "2315"]
[BlackElo "2352"]
[PlyCount "112"]
[EventDate "2006.10.28"]
[EventType "team"]
[EventRounds "11"]
[EventCountry "AUT"]
[WhiteTeam "SC Ansfelden"]
[BlackTeam "SC Gleisdorf"]

1.d4 Nf6 2.Nf3 e6 3.g3 b5 4.Bg2 Bb7 5.c3 c5 6.O-O d5 7.a4 b4 8.cxb4 cxb4 9.Bg5
Bd6 10.Nbd2 Nbd7 11.Re1 O-O 12.Rc1 Qa5 13.Bxf6 Nxf6 14.e3 Rfc8 15.Qb3 Nd7 16.Qa2
Rxc1 17.Rxc1 Rc8 18.Rxc8+ Bxc8 19.Bf1 Qc7 20.Qb1 g6 21.Bd3 e5 22.Be2 e4 23.Ne1
Nb6 24.b3 a5 25.Qc2 Qxc2 26.Nxc2 Bd7 27.h4 h6 28.Kf1 g5 29.hxg5 hxg5 30.Kg2 Kg7
31.g4 f5 32.gxf5 Bxf5 33.Ne1 g4 34.Bb5 Kg6 35.Nf1 Bd7 36.Bxd7 Nxd7 37.Nc2 Nb6
38.Nd2 Nc8 39.Ne1 Kh5 40.Nf1 Nb6 41.Nd2 Kh4 42.Nc2 Nc8 43.Ne1 Ne7 44.Nf1 Nf5
45.Nc2 Bc7 46.Ne1 Kg5 47.Nd2 g3 48.Nf1 Nh4+ 49.Kg1 Kg4 50.fxg3 Bxg3 51.Nc2 Nf3+
52.Kh1 Be1 53.Kg2 Bh4 54.Kh1 Kh3 55.Na1 Be1 56.Nc2 Bc3

[Event "2 Bundesliga Mitte 2006/2007"]
[Site "Fuerstenfeld"]
[Date "2007.03.31"]
[Round "10"]
[Board "4"]
[White "Casagrande, Harald"]
[Black "Frosch, Ronald"]
[Result "1-0"]
[WhiteElo "2342"]
[BlackElo "2264"]
[PlyCount "129"]
[EventDate "2006.10.28"]
[EventType "team"]
[EventRounds "11"]
[EventCountry "AUT"]
[WhiteTeam "SC Ansfelden"]
[BlackTeam "SC Gleisdorf"]

1.d4 Nf6 2.Bg5 d5 3.Nf3 e6 4.e3 Be7 5.Nbd2 Nbd7 6.Bd3 b6 7.c3 Bb7 8.Qe2 Ne4
9.Bxe7 Qxe7 10.Ba6 Bxa6 11.Qxa6 Nxd2 12.Nxd2 O-O 13.O-O e5 14.a4 c5 15.dxe5 Nxe5
16.a5 Rab8 17.axb6 Rxb6 18.Qxa7 Qxa7 19.Rxa7 Rxb2 20.Nf3 Nxf3+ 21.gxf3 Rfb8
22.Kg2 Rd2 23.Rb1 Rf8 24.Rd7 h6 25.Rb5 Re8 26.e4 d4 27.cxd4 cxd4 28.Rbb7 Re6
29.f4 Rf6 30.f5 g6 31.Kf3 Rd3+ 32.Kf4 Ra3 33.Ke5 Kg7 34.Kxd4 gxf5 35.e5 Ra4+
36.Kd3 Ra3+ 37.Ke2 Ra2+ 38.Kf3 Ra3+ 39.Kf4 Ra4+ 40.Kf3 Ra3+ 41.Ke2 Ra2+ 42.Ke3
Ra3+ 43.Kd4 Ra4+ 44.Kd3 Ra3+ 45.Kc4 Ra4+ 46.Kb3 Rfa6 47.Rxf7+ Kg6 48.Rg7+ Kh5
49.Rb4 Ra3+ 50.Kc4 Rf3 51.Rb2 Rf4+ 52.Kd5 Ra5+ 53.Ke6 Ra6+ 54.Kf7 Ra7+ 55.Kf6
Ra6+ 56.e6 Re4 57.Re7 f4 58.Kf5 Re1 59.Rb5 f3 60.Rg7 Kh4 61.Rg4+ Kh3 62.Rg3+
Kxh2 63.Re5 Re2 64.Rxf3 Kg2 65.Rxe2

[Event "2 Bundesliga Mitte 2006/2007"]
[Site "Fuerstenfeld"]
[Date "2007.03.31"]
[Round "10"]
[Board "5"]
[White "Wanderer, Thomas"]
[Black "Humer, Wolfgang"]
[Result "0-1"]
[WhiteElo "2206"]
[BlackElo "2239"]
[PlyCount "118"]
[EventDate "2006.10.28"]
[EventType "team"]
[EventRounds "11"]
[EventCountry "AUT"]
[WhiteTeam "SC Gleisdorf"]
[BlackTeam "SC Ansfelden"]

1.e4 c5 2.Nc3 Nc6 3.g3 g6 4.Bg2 Bg7 5.d3 e6 6.Be3 d6 7.Qd2 Nd4 8.Nd1 e5 9.c3 Ne6
10.Ne2 Nf6 11.f4 exf4 12.Nxf4 Ng4 13.Nxe6 Bxe6 14.Bf4 O-O 15.O-O d5 16.Ne3 Nxe3
17.Bxe3 d4 18.cxd4 Bxd4 19.Qf2 Bxe3 20.Qxe3 Qb6 21.b3 Rad8 22.Rad1 Rd4 23.Rf6
Rfd8 24.Bf1 Qd6 25.Rd2 Qe5 26.Rdf2 R8d7 27.Qh6 Re7 28.Qh4 Bd7 29.Qf4 Qxf4
30.R6xf4 Bb5 31.R4f3 Red7 32.Bh3 Rc7 33.Bf1 b6 34.Rc2 Rcd7 35.Rc3 a5 36.a4 Ba6
37.Rf6 R7d6 38.Rxd6 Rxd6 39.Kf2 Kg7 40.Ke3 Kf6 41.Rc2 Ke5 42.Rf2 Rf6 43.Rxf6
Kxf6 44.Bh3 Ke5 45.Bd7 Bb7 46.Bb5 Bc8 47.Bc4 Be6 48.Bxe6 fxe6 49.d4+ cxd4+
50.Kd3 g5 51.g4 Kf4 52.Kxd4 Kxg4 53.Ke5 Kf3 54.Kxe6 Kxe4 55.Kf6 Kf4 56.Kg7 h5
57.Kg6 Kg4 58.Kh6 h4 59.Kg6 h3

[Event "2 Bundesliga Mitte 2006/2007"]
[Site "Fuerstenfeld"]
[Date "2007.03.31"]
[Round "10"]
[Board "6"]
[White "Dumancic, Pero"]
[Black "Perhinig, Robert"]
[Result "0-1"]
[WhiteElo "2185"]
[BlackElo "2213"]
[PlyCount "68"]
[EventDate "2006.10.28"]
[EventType "team"]
[EventRounds "11"]
[EventCountry "AUT"]
[WhiteTeam "SC Ansfelden"]
[BlackTeam "SC Gleisdorf"]

1.d4 d5 2.c4 e6 3.cxd5 exd5 4.Nc3 c6 5.Nf3 Bf5 6.Qb3 Qb6 7.Qd1 Nf6 8.a3 Bd6 9.e3
O-O 10.Bd3 Bxd3 11.Qxd3 Qa6 12.Qxa6 Nxa6 13.O-O Nc7 14.Bd2 Ne4 15.Rfc1 f5 16.g3
Ne6 17.Be1 g5 18.h4 h6 19.hxg5 hxg5 20.Kg2 Kg7 21.Ne2 f4 22.exf4 gxf4 23.g4 Kf6
24.Nh4 f3+ 25.Nxf3 Rg8 26.Ne5 Nxd4 27.Nd7+ Ke7 28.Nxd4 Rxg4+ 29.Kf1 Kxd7 30.f3
Rf8 31.Ke2 Rg2+ 32.Kd1 Nf2+ 33.Ke2 Ng4+ 34.Kd3 Ne5+

[Event "2 Bundesliga Mitte 2006/2007"]
[Site "Fuerstenfeld"]
[Date "2007.03.31"]
[Round "10"]
[Board "1"]
[White "Mohr, Georg"]
[Black "Konopka, Michal"]
[Result "1/2-1/2"]
[WhiteElo "2478"]
[BlackElo "2426"]
[PlyCount "35"]
[EventDate "2006.10.28"]
[EventType "team"]
[EventRounds "11"]
[EventCountry "AUT"]
[WhiteTeam "Strassenbahn Graz"]
[BlackTeam "ASK St Valentin"]

1.c4 Nf6 2.Nc3 d5 3.cxd5 Nxd5 4.g3 g6 5.Bg2 Nxc3 6.bxc3 Bg7 7.Rb1 Nc6 8.c4 O-O
9.d3 Qd7 10.h4 h5 11.Nf3 b6 12.Bb2 Bxb2 13.Rxb2 Bb7 14.Qd2 Nd4 15.Ne5 Qc8 16.Bh3
Qd8 17.O-O Qd6 18.f4

[Event "2 Bundesliga Mitte 2006/2007"]
[Site "Fuerstenfeld"]
[Date "2007.03.31"]
[Round "10"]
[Board "2"]
[White "Tompa, Janos"]
[Black "Horvath, Gyula"]
[Result "1/2-1/2"]
[WhiteElo "2407"]
[BlackElo "2431"]
[PlyCount "24"]
[EventDate "2006.10.28"]
[EventType "team"]
[EventRounds "11"]
[EventCountry "AUT"]
[WhiteTeam "ASK St Valentin"]
[BlackTeam "Strassenbahn Graz"]

1.e4 e6 2.d4 d5 3.Nd2 c5 4.exd5 Qxd5 5.Ngf3 cxd4 6.Bc4 Qd6 7.O-O Nf6 8.Nb3 Nc6
9.Nbxd4 Nxd4 10.Nxd4 Bd7 11.c3 Qc7 12.Qe2 O-O-O

[Event "2 Bundesliga Mitte 2006/2007"]
[Site "Fuerstenfeld"]
[Date "2007.03.31"]
[Round "10"]
[Board "3"]
[White "Butunoi, Alexandru"]
[Black "Sandhoefner, Florian"]
[Result "1-0"]
[WhiteElo "2404"]
[BlackElo "2271"]
[PlyCount "67"]
[EventDate "2006.10.28"]
[EventType "team"]
[EventRounds "11"]
[EventCountry "AUT"]
[WhiteTeam "Strassenbahn Graz"]
[BlackTeam "ASK St Valentin"]

1.e4 c5 2.Nf3 d6 3.d4 cxd4 4.Nxd4 Nf6 5.f3 e5 6.Nb3 d5 7.Bg5 Be6 8.exd5 Qxd5
9.N1d2 Nc6 10.Bc4 Qd7 11.Qe2 Bxc4 12.Nxc4 O-O-O 13.O-O Qf5 14.Bh4 Qh5 15.Bg3 Nd7
16.Rad1 f6 17.Bf2 Qf7 18.Kh1 Ndb8 19.Rxd8+ Kxd8 20.Nca5 Qc7 21.Qb5 Kc8 22.Qa4 b6
23.Nxc6 Nxc6 24.c4 Qb7 25.Rd1 g6 26.f4 Be7 27.fxe5 Nxe5 28.c5 b5 29.Qh4 Rd8
30.Rf1 h5 31.Bd4 Qd5 32.Bxe5 Qxe5 33.Re1 Qxb2 34.Qe4

[Event "2 Bundesliga Mitte 2006/2007"]
[Site "Fuerstenfeld"]
[Date "2007.03.31"]
[Round "10"]
[Board "4"]
[White "Tober, Gerhard"]
[Black "Krebs, Johann"]
[Result "1/2-1/2"]
[WhiteElo "2329"]
[BlackElo "2276"]
[PlyCount "90"]
[EventDate "2006.10.28"]
[EventType "team"]
[EventRounds "11"]
[EventCountry "AUT"]
[WhiteTeam "ASK St Valentin"]
[BlackTeam "Strassenbahn Graz"]

1.e4 c5 2.c3 Nf6 3.e5 Nd5 4.d4 cxd4 5.Nf3 Nc6 6.cxd4 d6 7.Bc4 Nb6 8.Bb5 dxe5
9.Nxe5 Bd7 10.Nc3 Nxe5 11.dxe5 Bxb5 12.Nxb5 Qxd1+ 13.Kxd1 Nd5 14.Ke2 a6 15.Rd1
O-O-O 16.Na3 e6 17.Nc4 Be7 18.Bd2 b6 19.Rac1 Kb7 20.a3 Rd7 21.g3 Rc7 22.Ne3 Rd8
23.Rxc7+ Kxc7 24.Rc1+ Kb7 25.f4 b5 26.Ba5 Rc8 27.Rxc8 Kxc8 28.Nxd5 exd5 29.Bb4
Bd8 30.Bc5 Kd7 31.f5 Kc6 32.Bd4 Be7 33.Kf3 g6 34.g4 a5 35.h3 a4 36.Kf4 Kd7 37.g5
b4 38.axb4 Bxb4 39.Kg4 Be1 40.Bc5 Bd2 41.h4 Bc1 42.Bd4 Ke8 43.h5 Kf8 44.Bc5+ Kg8
45.Bd4 Kf8

[Event "2 Bundesliga Mitte 2006/2007"]
[Site "Fuerstenfeld"]
[Date "2007.03.31"]
[Round "10"]
[Board "5"]
[White "Pesorda, Ivan"]
[Black "Heimberger, Reinhard"]
[Result "1-0"]
[WhiteElo "2250"]
[BlackElo "2294"]
[PlyCount "61"]
[EventDate "2006.10.28"]
[EventType "team"]
[EventRounds "11"]
[EventCountry "AUT"]
[WhiteTeam "Strassenbahn Graz"]
[BlackTeam "ASK St Valentin"]

1.d4 d5 2.c4 e6 3.Nc3 Nf6 4.Bg5 c6 5.e3 Be7 6.Nf3 Nbd7 7.Rc1 O-O 8.Bd3 a6 9.c5
a5 10.O-O h6 11.Bh4 Nh5 12.Bxe7 Qxe7 13.Ne5 Nxe5 14.dxe5 g6 15.Na4 f5 16.Nb6 Ra7
17.f4 Bd7 18.Rf3 Ng7 19.Rh3 Kh7 20.Kh1 Bc8 21.g4 Rd8 22.a4 Bd7 23.Qf3 Be8 24.Rg3
Bf7 25.Qg2 Rg8 26.Rg1 fxg4 27.Rxg4 Nf5 28.Nc8 Rxc8 29.Rxg6 b5 30.Rg7+ Kh8
31.Bxf5

[Event "2 Bundesliga Mitte 2006/2007"]
[Site "Fuerstenfeld"]
[Date "2007.03.31"]
[Round "10"]
[Board "6"]
[White "Kranzl, Peter"]
[Black "Steiner, Stefan"]
[Result "1-0"]
[WhiteElo "2258"]
[BlackElo "2229"]
[PlyCount "53"]
[EventDate "2006.10.28"]
[EventType "team"]
[EventRounds "11"]
[EventCountry "AUT"]
[WhiteTeam "ASK St Valentin"]
[BlackTeam "Strassenbahn Graz"]

1.e4 Nc6 2.Nf3 f5 3.exf5 d5 4.d4 Bxf5 5.c3 e6 6.Bd3 Qf6 7.Bg5 Qg6 8.Bxf5 Qxf5
9.O-O h6 10.Bh4 g5 11.Bg3 Bd6 12.Re1 Nf6 13.Ne5 O-O 14.Nd2 h5 15.h3 g4 16.h4
Bxe5 17.Bxe5 Nd7 18.Bg3 e5 19.dxe5 Ncxe5 20.Nb3 c6 21.Qd4 Rfe8 22.Re3 Nc4
23.Rxe8+ Rxe8 24.Qxa7 Nde5 25.Qxb7 Nd3 26.Qxc6 Nxf2 27.Qxe8+

[Event "2 Bundesliga Mitte 2006/2007"]
[Site "Fuerstenfeld"]
[Date "2007.03.31"]
[Round "10"]
[Board "1"]
[White "Nanu, Ciprian Costica"]
[Black "Buhmann, Rainer"]
[Result "0-1"]
[WhiteElo "2457"]
[BlackElo "2532"]
[PlyCount "130"]
[EventDate "2006.10.28"]
[EventType "team"]
[EventRounds "11"]
[EventCountry "AUT"]
[WhiteTeam "Union Styria Kleine Zeitung Graz 2"]
[BlackTeam "Maria Saal"]

1.d4 d5 2.Nf3 Nf6 3.c4 c6 4.e3 a6 5.Nbd2 Bf5 6.Be2 h6 7.O-O e6 8.b3 Nbd7 9.Bb2
Be7 10.c5 O-O 11.b4 Qc7 12.a4 b6 13.a5 b5 14.Ne5 Nxe5 15.dxe5 Nd7 16.f4 f6 17.e4
dxe4 18.g4 Bh7 19.Qb3 Kh8 20.Qxe6 Rae8 21.Qb3 fxe5 22.f5 Bg8 23.Qc2 e3 24.Nf3 e4
25.Ne1 Bh4 26.Ng2 Bf2+ 27.Kh1 Nf6 28.Bd4 Rd8 29.Bxe3 Bxe3 30.Nxe3 Qe5 31.Ng2 Nd5
32.Rab1 Rfe8 33.Qb2 Nc3 34.Nf4 Bf7 35.Rbc1 Nxe2 36.Qxe5 Rxe5 37.Nxe2 e3 38.Kg2
Rd2 39.Rfe1 Re4 40.Kf3 Rxb4 41.Kxe3 Ra2 42.Ra1 Raa4 43.Rxa4 bxa4 44.Ra1 Rxg4
45.Nd4 Bb3 46.Rb1 Rh4 47.Nxc6 Rc4 48.Nd4 Rxc5 49.Nxb3 axb3 50.Rxb3 Rxf5 51.Ra3
Kh7 52.Ke4 g6 53.Rf3 Rxa5 54.Rf7+ Kg8 55.Ra7 h5 56.h3 Ra3 57.Ke5 Rxh3 58.Kf6 Rg3
59.Rxa6 Kh7 60.Ra8 h4 61.Ra4 g5 62.Kf5 h3 63.Ra7+ Kh6 64.Ra8 g4 65.Kf4 Rg2

[Event "2 Bundesliga Mitte 2006/2007"]
[Site "Fuerstenfeld"]
[Date "2007.03.31"]
[Round "10"]
[Board "3"]
[White "Rogulj, Branko"]
[Black "Horvath, Gabor"]
[Result "1-0"]
[WhiteElo "2413"]
[BlackElo "2273"]
[PlyCount "71"]
[EventDate "2006.10.28"]
[EventType "team"]
[EventRounds "11"]
[EventCountry "AUT"]
[WhiteTeam "Union Styria Kleine Zeitung Graz 2"]
[BlackTeam "Maria Saal"]

1.e4 c5 2.Nc3 Nc6 3.g3 g6 4.Bg2 Bg7 5.d3 d6 6.f4 Nf6 7.h3 O-O 8.Nge2 Rb8 9.O-O
Bd7 10.g4 b5 11.Ng3 b4 12.Nce2 Ne8 13.f5 Nc7 14.Nf4 Nd4 15.Be3 Bc6 16.Qc1 Bb5
17.Rf2 Nc6 18.Nd5 c4 19.dxc4 Bxc4 20.Bh6 Nxd5 21.Bxg7 Kxg7 22.exd5 Ne5 23.Qd2 a5
24.f6+ exf6 25.Ne4 Qb6 26.Nxf6 h6 27.Re1 Rbd8 28.Qf4 Qc7 29.b3 Bb5 30.Re3 Qe7
31.h4 Rc8 32.g5 h5 33.Bh3 Rc7 34.Ne4 Re8 35.Qf6+ Qxf6 36.gxf6+

[Event "2 Bundesliga Mitte 2006/2007"]
[Site "Fuerstenfeld"]
[Date "2007.03.31"]
[Round "10"]
[Board "4"]
[White "Reschun, Sascha"]
[Black "Rohler, Siegfried"]
[Result "1-0"]
[WhiteElo "2234"]
[BlackElo "2243"]
[PlyCount "75"]
[EventDate "2006.10.28"]
[EventType "team"]
[EventRounds "11"]
[EventCountry "AUT"]
[WhiteTeam "Maria Saal"]
[BlackTeam "Union Styria Kleine Zeitung Graz 2"]

1.e4 e6 2.d4 d5 3.e5 c5 4.c3 Nc6 5.Nf3 Qb6 6.a3 Nh6 7.b4 cxd4 8.cxd4 Nf5 9.Bb2
Bd7 10.Ra2 Rc8 11.Bc3 Be7 12.Qd2 Na5 13.Bd3 Nc4 14.Qf4 a5 15.Bxc4 axb4 16.axb4
Rxc4 17.Ra8+ Bc8 18.O-O O-O 19.g4 Nh6 20.Nfd2 Rc7 21.Ra3 f6 22.h3 Bd7 23.exf6
Bxf6 24.Qe3 Bb5 25.Re1 Rcf7 26.Nf3 Be7 27.Nbd2 Bd6 28.Qxe6 Kh8 29.Ra5 Rf6 30.Qe3
Bf4 31.Qe7 Bxd2 32.Nxd2 Rxf2 33.Re6 Bc6 34.b5 Ng8 35.Qd6 Rxd2 36.Qxf8 Rxd4
37.Kg2 Rd1 38.Qxg7#

[Event "2 Bundesliga Mitte 2006/2007"]
[Site "Fuerstenfeld"]
[Date "2007.03.31"]
[Round "10"]
[Board "5"]
[White "Hatzl, Stefan"]
[Black "Ertl, Johann"]
[Result "0-1"]
[WhiteElo "2159"]
[BlackElo "2217"]
[PlyCount "76"]
[EventDate "2006.10.28"]
[EventType "team"]
[EventRounds "11"]
[EventCountry "AUT"]
[WhiteTeam "Union Styria Kleine Zeitung Graz 2"]
[BlackTeam "Maria Saal"]

1.e4 e6 2.b3 d5 3.Bb2 dxe4 4.Nc3 Nf6 5.Qe2 Be7 6.O-O-O b6 7.g4 Ba6 8.d3 exd3
9.Qf3 c6 10.Bxd3 Bxd3 11.Rxd3 Qc7 12.Nge2 O-O 13.g5 Nfd7 14.Qh5 Qe5 15.f4 Qf5
16.Qf3 e5 17.h4 Nc5 18.Re3 Bd6 19.Nb5 cxb5 20.Qxa8 Nba6 21.Qg2 Nb4 22.Ng3 Qxf4
23.Qf3 e4 24.Qxf4 Bxf4 25.Rhe1 Nd5 26.Nf5 Nxe3 27.Nxe3 Rd8 28.Kb1 Bxe3 29.Rxe3
Rd1+ 30.Bc1 Rh1 31.a4 b4 32.c3 Nd3 33.Rxe4 Rxc1+ 34.Ka2 Kf8 35.cxb4 Rc2+ 36.Ka3
a5 37.bxa5 bxa5 38.Rd4 Nb4

[Event "2 Bundesliga Mitte 2006/2007"]
[Site "Fuerstenfeld"]
[Date "2007.03.31"]
[Round "10"]
[Board "6"]
[White "Lako, Laszlo"]
[Black "Frank, Paul"]
[Result "1/2-1/2"]
[WhiteElo "2179"]
[BlackElo "2151"]
[PlyCount "27"]
[EventDate "2006.10.28"]
[EventType "team"]
[EventRounds "11"]
[EventCountry "AUT"]
[WhiteTeam "Maria Saal"]
[BlackTeam "Union Styria Kleine Zeitung Graz 2"]

1.d4 Nf6 2.c4 g6 3.Nc3 d5 4.Nf3 Bg7 5.Bg5 Ne4 6.cxd5 Nxg5 7.Nxg5 e6 8.Nf3 exd5
9.e3 O-O 10.b4 Be6 11.Be2 Nd7 12.O-O c5 13.bxc5 Nxc5 14.Rc1

[Event "2 Bundesliga Mitte 2006/2007"]
[Site "Fuerstenfeld"]
[Date "2007.03.31"]
[Round "10"]
[Board "1"]
[White "Horvath, Adam"]
[Black "Kozul, Zdenko"]
[Result "0-1"]
[WhiteElo "2495"]
[BlackElo "2593"]
[PlyCount "126"]
[EventDate "2006.10.28"]
[EventType "team"]
[EventRounds "11"]
[EventCountry "AUT"]
[WhiteTeam "Austria Graz"]
[BlackTeam "ZH Technologies Wolfsberg"]

1.e4 c5 2.Nf3 d6 3.d4 cxd4 4.Nxd4 Nf6 5.Nc3 Nc6 6.Bg5 e6 7.Qd2 a6 8.O-O-O Bd7
9.f4 b5 10.Bxf6 gxf6 11.Kb1 Qb6 12.Nxc6 Bxc6 13.Qe1 Ra7 14.Bd3 Qc5 15.Qh4 Be7
16.f5 a5 17.fxe6 fxe6 18.e5 fxe5 19.Qh6 a4 20.Qxe6 Bd7 21.Qh6 a3 22.Ne4 Qb4
23.b3 Kd8 24.c3 Qa5 25.Bc2 Ra6 26.Rhf1 Re8 27.Qxh7 Rc6 28.Rd3 Qc7 29.Qg7 Kc8
30.Qg3 Kb8 31.Rd2 Be6 32.Qg6 Qc8 33.Rfd1 d5 34.Nf6 Rf8 35.Nxd5 Bxd5 36.Qg3 Be6
37.Qxe5+ Qc7 38.Qxb5+ Rb6 39.Qd3 Bf6 40.Rf2 Rd8 41.Qe3 Rxd1+ 42.Bxd1 Bg7 43.Bc2
Rc6 44.h4 Bc8 45.Qf4 Rxc3 46.h5 Qxf4 47.Rxf4 Rg3 48.Rb4+ Kc7 49.Rc4+ Kd8 50.Rc6
Bb2 51.Rd6+ Ke7 52.Rd2 Bg7 53.Re2+ Kd6 54.Rf2 Be6 55.Rd2+ Kc5 56.Bg6 Bd5 57.b4+
Kc4 58.b5 Bh6 59.Rf2 Kxb5 60.Kc2 Kb4 61.Kb1 Bxg2 62.Rf6 Bd5 63.Rf1 Rxg6

[Event "2 Bundesliga Mitte 2006/2007"]
[Site "Fuerstenfeld"]
[Date "2007.03.31"]
[Round "10"]
[Board "2"]
[White "Vajda, Levente"]
[Black "Paehtz, Thomas"]
[Result "1-0"]
[WhiteElo "2524"]
[BlackElo "2420"]
[PlyCount "90"]
[EventDate "2006.10.28"]
[EventType "team"]
[EventRounds "11"]
[EventCountry "AUT"]
[WhiteTeam "ZH Technologies Wolfsberg"]
[BlackTeam "Austria Graz"]

1.e4 e6 2.d4 d5 3.Nd2 Be7 4.Ngf3 Nf6 5.Bd3 c5 6.dxc5 dxe4 7.Nxe4 Nxe4 8.Bxe4
Qxd1+ 9.Kxd1 Bxc5 10.Ke2 Nd7 11.Nd2 f5 12.Bd3 Ne5 13.Bb5+ Bd7 14.a4 a6 15.Bxd7+
Nxd7 16.Nc4 Nb6 17.Nxb6 Bxb6 18.Rd1 Rc8 19.c3 Rd8 20.Bf4 h6 21.Bd6 Rd7 22.Be5
Re7 23.Rd3 Bc7 24.Rad1 O-O 25.Bxc7 Rxc7 26.Rd7 Rf7 27.Rxc7 Rxc7 28.Rd6 e5 29.Re6
e4 30.Rb6 Kh7 31.Ke3 Rd7 32.h4 h5 33.c4 Rd3+ 34.Kf4 Rd2 35.Kxf5 Rxf2+ 36.Kxe4
Rxg2 37.Rxb7 Rg4+ 38.Kd5 Rxh4 39.c5 Rxa4 40.c6 Ra1 41.Rb4 Rd1+ 42.Rd4 Rf1 43.c7
Rf8 44.Ke6 Rf6+ 45.Kd5 Rf8

[Event "2 Bundesliga Mitte 2006/2007"]
[Site "Fuerstenfeld"]
[Date "2007.03.31"]
[Round "10"]
[Board "3"]
[White "Kotz, Heinz Peter"]
[Black "Vajda, Albert"]
[Result "1/2-1/2"]
[WhiteElo "2355"]
[BlackElo "2478"]
[PlyCount "74"]
[EventDate "2006.10.28"]
[EventType "team"]
[EventRounds "11"]
[EventCountry "AUT"]
[WhiteTeam "Austria Graz"]
[BlackTeam "ZH Technologies Wolfsberg"]

1.e4 e5 2.Nf3 Nc6 3.Bb5 Nf6 4.O-O Nxe4 5.d4 Nd6 6.Bxc6 dxc6 7.dxe5 Nf5 8.Qxd8+
Kxd8 9.Nc3 Bd7 10.Ne4 h6 11.h3 b6 12.Bf4 Kc8 13.Rad1 a5 14.Rd2 Bb4 15.c3 Be7
16.g4 Nh4 17.Nxh4 Bxh4 18.Bg3 Be7 19.f4 Be6 20.b3 a4 21.c4 axb3 22.axb3 Rd8
23.Rxd8+ Kxd8 24.f5 Bd7 25.g5 hxg5 26.f6 gxf6 27.exf6 Bc5+ 28.Bf2 Bxh3 29.Rd1+
Ke8 30.Bxc5 bxc5 31.Nxg5 Be6 32.Re1 Ra3 33.Nxe6 fxe6 34.Rxe6+ Kf7 35.Rxc6 Rxb3
36.Rxc7+ Kxf6 37.Rxc5 Ke6

[Event "2 Bundesliga Mitte 2006/2007"]
[Site "Fuerstenfeld"]
[Date "2007.03.31"]
[Round "10"]
[Board "4"]
[White "Waldmann, Gerald"]
[Black "Fahrner, Kurt"]
[Result "1/2-1/2"]
[WhiteElo "2153"]
[BlackElo "2346"]
[PlyCount "84"]
[EventDate "2006.10.28"]
[EventType "team"]
[EventRounds "11"]
[EventCountry "AUT"]
[WhiteTeam "ZH Technologies Wolfsberg"]
[BlackTeam "Austria Graz"]

1.e4 e5 2.Nf3 d6 3.d4 exd4 4.Nxd4 Nf6 5.Nc3 Be7 6.Bc4 O-O 7.O-O Re8 8.f3 Bf8
9.Bg5 c6 10.a4 Nbd7 11.Kh1 h6 12.Bh4 Qc7 13.Ba2 b6 14.Qd2 Ba6 15.Rfd1 g6 16.Qf4
Bg7 17.Bxf6 Nxf6 18.Nxc6 Qxc6 19.Rxd6 Qc5 20.Rxf6 Bxf6 21.Qxf6 Bc4 22.Bxc4 Qxc4
23.Nd5 Qxc2 24.h4 Rac8 25.h5 Re6 26.Ne7+ Rxe7 27.Qxe7 Qxb2 28.Rd1 Rc1 29.Qd8+
Kg7 30.hxg6 Rxd1+ 31.Qxd1 Kxg6 32.f4 Qf6 33.g3 h5 34.Kg2 Kh6 35.Qd5 Qg6 36.Kf2
a6 37.Qa8 Kh7 38.Qxa6 Qxe4 39.Qxb6 Qxa4 40.Qb1+ Kg8 41.Qb8+ Kh7 42.Qb1+ Kg8

[Event "2 Bundesliga Mitte 2006/2007"]
[Site "Fuerstenfeld"]
[Date "2007.03.31"]
[Round "10"]
[Board "5"]
[White "Aschenbrenner, Robert"]
[Black "Sternat, Roland"]
[Result "1/2-1/2"]
[WhiteElo "2280"]
[BlackElo "2138"]
[PlyCount "91"]
[EventDate "2006.10.28"]
[EventType "team"]
[EventRounds "11"]
[EventCountry "AUT"]
[WhiteTeam "Austria Graz"]
[BlackTeam "ZH Technologies Wolfsberg"]

1.d4 d5 2.Nf3 e6 3.c4 c6 4.e3 f5 5.Bd3 Nf6 6.Qc2 Ne4 7.O-O Bd6 8.Ne5 O-O 9.f3
Ng5 10.Nc3 Nd7 11.cxd5 exd5 12.f4 Ne4 13.Bxe4 fxe4 14.Ne2 Nf6 15.h3 Be6 16.Bd2
Qc8 17.Kh2 Nd7 18.b4 Nb6 19.a4 Qe8 20.a5 Bxe5 21.axb6 Bb8 22.b5 cxb5 23.bxa7
Rxa7 24.Bb4 Rxa1 25.Rxa1 Rf7 26.Ra8 Rd7 27.Ba5 Bxf4+ 28.Nxf4 Qxa8 29.Nxe6 Re7
30.Nf4 Qxa5 31.Qc8+ Kf7 32.Qf5+ Ke8 33.Nxd5 g6 34.Qc8+ Kf7 35.Nxe7 Kxe7 36.Qxb7+
Kd6 37.d5 Qc3 38.Qxb5 Qe5+ 39.Kg1 Qxd5 40.Qb8+ Ke7 41.Kh2 h5 42.Qc7+ Kf6 43.Qb6+
Kf5 44.g4+ Kg5 45.gxh5 Qd2+ 46.Kg3

[Event "2 Bundesliga Mitte 2006/2007"]
[Site "Fuerstenfeld"]
[Date "2007.03.31"]
[Round "10"]
[Board "6"]
[White "Stueckler, Ferdinand"]
[Black "Kastner, Walter"]
[Result "0-1"]
[WhiteElo "2182"]
[BlackElo "2239"]
[PlyCount "149"]
[EventDate "2006.10.28"]
[EventType "team"]
[EventRounds "11"]
[EventCountry "AUT"]
[WhiteTeam "ZH Technologies Wolfsberg"]
[BlackTeam "Austria Graz"]

1.c4 e6 2.Nc3 d5 3.e3 Nf6 4.Nf3 c6 5.b3 Nbd7 6.Be2 Bd6 7.Bb2 O-O 8.O-O Re8 9.d4
b6 10.Rc1 Bb7 11.cxd5 exd5 12.Re1 Rc8 13.Nd2 Nf8 14.Nf1 Ne6 15.Ng3 Ng5 16.f4 Ne6
17.Bd3 a6 18.Nf5 Bf8 19.Qf3 g6 20.Ng3 c5 21.Nce2 c4 22.Bb1 b5 23.bxc4 bxc4 24.h4
Bc6 25.f5 Ng7 26.Rf1 Ne4 27.fxg6 fxg6 28.Bxe4 dxe4 29.Qf7+ Kh8 30.Rxc4 Qd5
31.Qxd5 Bxd5 32.Rxc8 Rxc8 33.Nc3 Bc4 34.Rf2 Be7 35.Ncxe4 Bxh4 36.Rc2 Be6
37.Rxc8+ Bxc8 38.Nd6 Be6 39.Nge4 Bxa2 40.Nc5 Be7 41.Nc8 Bg5 42.e4 Kg8 43.Kf2 Ne8
44.Nxa6 Be6 45.Nb6 Bd8 46.Nc5 Bg4 47.Nc4 Bh4+ 48.g3 Be7 49.Ne3 Bc8 50.Nd3 Nf6
51.Kf3 h5 52.d5 Nh7 53.e5 Ng5+ 54.Kf4 Nh3+ 55.Kf3 Ng5+ 56.Kg2 Bb7 57.Nf4 Bc5
58.Kf2 Ne4+ 59.Kf3 Nd2+ 60.Ke2 Bxe3 61.Kxe3 Nc4+ 62.Kd3 Nxb2+ 63.Kc2 Nc4 64.Nxg6
Ne3+ 65.Kd3 Nxd5 66.Ke4 Ne7+ 67.Kf4 Nxg6+ 68.Kg5 Bf3 69.Kxg6 Kf8 70.Kf6 Bg4
71.e6 Ke8 72.e7 Bf3 73.Ke6 Be2 74.Kf6 Bg4 75.Ke5